Estadísticas para Goleador de cada seleccion- Mundial 1982

Haz click aquí para intentar la prueba.

Estadísticas generales

  • Esta prueba ha sido intentada 12 veces
  • La puntuación promedio es 12 de 45

Estadísticas de respuestas

SeleccionJugadorG% Correcto
ItaliaPaolo Rossi6
100%
ArgentinaDaniel Passarella2
83%
ArgentinaDiego Armando Maradona2
83%
AlemaniaKarl-Heinz Rummenigge5
83%
PoloniaZbigniew Boniek4
83%
BrasilZico4
83%
FranciaAlain Giresse3
50%
ArgentinaDaniel Bertoni2
50%
EspañaRoberto Lopez Ufarte1
50%
PeruGuillerma La Rosa1
33%
EspañaJesus Maria Zamora1
33%
EspañaJuanito1
33%
AustriaWalter Schachner2
33%
URSSAndriy Bal1
17%
ChecoslovaquiaAntonin Panenka2
17%
InglaterraBryan Robson2
17%
HondurasEduardo Laing1
17%
EspañaEnrique Saura1
17%
Irlanda del NorteGerry Armstrong3
17%
ChileGustavo Moscoso1
17%
HondurasHector Zelaya1
17%
YugoslaviaIvan Gudelj1
17%
EscociaJohn Wark2
17%
HungriaLaszlo Kiss3
17%
BelgicaLudo Coeck1
17%
ChileMiguel Angel Neira1
17%
URSSOleh Blokhin1
17%
PeruRuben Diaz1
17%
URSSSergei Baltacha1
17%
Nueva ZelandaSteve Sumner1
17%
Nueva ZelandaSteve Wooddin1
17%
InglaterraTrevor Francis2
17%
YugoslaviaVladimir Petrovic1
17%
URSSYuri Gavrilov1
17%
KuwaitAbdullah Al-Buloushi1
0%
URSSAleksandre Chivadze1
0%
BelgicaAlexandre Czerniatynski1
0%
BelgicaErwin Vanderbergh1
0%
KuwaitFaisal Al-Dakhil1
0%
CamerunGregoire M'Bida1
0%
ChileJuan Carlos Letelier1
0%
URSSKhoren Oganesian1
0%
El SalvadorLuis Ramirez1
0%
URSSRamaz Shengelia1
0%
ArgeliaSalah Assad2
0%

Distribución de puntuación

Porcentaje por número respondido

Porcentaje de gente con cada puntuación

Historial de tus puntuaciones

No has intentado esta prueba.